ডঃ আহমদ শরীফ স্মারক সংকলন / (Record no. 26493)

MARC details
000 -LEADER
fixed length control field 01268nam a22002177a 4500
003 - CONTROL NUMBER IDENTIFIER
control field BDDh-ASL
005 - DATE AND TIME OF LATEST TRANSACTION
control field 20231015030642.0
008 - FIXED-LENGTH DATA ELEMENTS--GENERAL INFORMATION
fixed length control field 210922s2000 -ge||||| |||| 00| 0 b d
040 ## - CATALOGING SOURCE
Transcribing agency BDDh-ASL
082 ## - DEWEY DECIMAL CLASSIFICATION NUMBER
Classification number 928.9144
Item number AHM
110 1# - MAIN ENTRY--CORPORATE NAME
9 (RLIN) 4925
Corporate name or jurisdiction name as entry element ডিরেক্টর অব রেজিওন্যাল পাবলিসিটি
245 00 - TITLE STATEMENT
Title ডঃ আহমদ শরীফ স্মারক সংকলন /
246 ## - VARYING FORM OF TITLE
Title proper/short title Dr. Ahmad Sharif Smarak Sanklan
260 ## - PUBLICATION, DISTRIBUTION, ETC.
Place of publication, distribution, etc. জার্মানী:
Name of publisher, distributor, etc. সংলাপ,
Date of publication, distribution, etc. ২০০০।
300 ## - PHYSICAL DESCRIPTION
Extent ১৩৭ পৃষ্ঠা, :
Dimensions ২২ সে. মি.
600 10 - SUBJECT ADDED ENTRY--PERSONAL NAME
9 (RLIN) 4932
Personal name শরীফ, ড. আহমদ
650 #0 - SUBJECT ADDED ENTRY--TOPICAL TERM
Topical term or geographic name entry element Commemoration Volume (স্মারকগ্রন্থ), Memoirs, স্মারকগ্রন্থ, Smārakagrantha, Souvenir, স্মরণিক, স্মারকগ্রন্থ, স্মৃতিকথা, Smr̥tikathā, Memoirs, Reminiscences, স্মরণিকা, Smaraṇikā, Souvenir, স্যুভেনির, অভিজ্ঞান, Syubhēnira, so͞ovəˈnir, memorial, souvenir, remembrancer
9 (RLIN) 4668
700 1# - ADDED ENTRY--PERSONAL NAME
9 (RLIN) 4933
Personal name শান্তি, শাহ্ আলম
700 1# - ADDED ENTRY--PERSONAL NAME
9 (RLIN) 4934
Personal name রহমান, ওয়ালী
942 ## - ADDED ENTRY ELEMENTS (KOHA)
Source of classification or shelving scheme Dewey Decimal Classification
Koha item type Books
Holdings
Withdrawn status Lost status Source of classification or shelving scheme Damaged status Not for loan Collection code Home library Current library Shelving location Date acquired Source of acquisition Total Checkouts Full call number Barcode Date last seen Copy number Price effective from Koha item type
    Dewey Decimal Classification     Non-fiction Asiatic Society Library Asiatic Society Library General Stacks 10/11/2021 Donated by Prof. (Dr.) M. Abdul Qayyum & Dr. Razia Sultana   928.9144 AHM 112522 10/11/2021 C-1 10/11/2021 Books

Powered by Koha